E-learningová serverless webová aplikácia s využitím LLM modelu
Guardado en:
| Autor principal: | |
|---|---|
| Otros Autores: | |
| Formato: | Manuscrito Libro |
| Lenguaje: | eslovaco |
| Publicado: |
2025
|
| Materias: | |
| Acceso en línea: | http://is.stuba.sk/zp/portal_zp.pl?podrobnosti=177518 |
| Etiquetas: |
Sin Etiquetas, Sea el primero en etiquetar este registro!
|
MARC
| LEADER | 00000ntm a22000003a 4500 | ||
|---|---|---|---|
| 001 | stuzp102120 | ||
| 003 | SK-STU | ||
| 005 | 20250614211012.3 | ||
| 007 | ta | ||
| 008 | 150427s2015----xo-----f-mn---000-0-slo-d | ||
| 040 | |a STU |b slo | ||
| 041 | 0 | |a slo | |
| 100 | 1 | |a Kubík, Samuel |u 035000 |4 aut |U FEI Fakulta elektrotechniky a informatiky |T FEI Ústav informatiky a matematiky |X 103009 |U E050 |Y 816 |7 103009 | |
| 242 | 0 | 1 | |a E-learning serverless web application using the LLM model |y eng |
| 245 | 1 | 0 | |a E-learningová serverless webová aplikácia s využitím LLM modelu |
| 260 | |c 2025 | ||
| 650 | 4 | |a question generation |2 eng | |
| 650 | 4 | |a gamification |2 eng | |
| 650 | 4 | |a large language models |2 eng | |
| 650 | 4 | |a serverless architecture |2 eng | |
| 650 | 4 | |a e-learning |2 eng | |
| 650 | 4 | |a generovanie otázok |2 slo | |
| 650 | 4 | |a gamifikácia |2 slo | |
| 650 | 4 | |a veľké jazykové modely |2 slo | |
| 650 | 4 | |a serverless architektúra |2 slo | |
| 650 | 4 | |a e-learning |2 slo | |
| 700 | 1 | |a Bucz, Štefan |4 ths |X 17719 |7 A000017719 | |
| 856 | 4 | |u http://is.stuba.sk/zp/portal_zp.pl?podrobnosti=177518 | |